000 00362nam a2200121Ia 4500
008 230627s9999 xx 000 0 und d
041 _aeng
082 _a344.046
_bJAS
100 _aJaswal P
245 _aEnvironmental Law: Environment Protection, Sustainable Development And The Law
260 _aFaridabad
_bAllahabad Law Agency
_c1999
700 _a Jaswal N.,
999 _c702611
_d702611